La lengua inglesa en la educación primaria / (Record no. 94694)

MARC details
000 -CABECERA
campo de control de longitud fija 00762nam a2200229 a 4500
005 - FECHA Y HORA DE LA ÚLTIMA TRANSACCIÓN
campo de control 20220611063701.0
008 - ELEMENTOS DE LONGITUD FIJA--INFORMACIÓN GENERAL
campo de control de longitud fija 030305s1994 mx r 000 0 spa d
020 ## - NÚMERO INTERNACIONAL NORMALIZADO PARA LIBROS
Número Internacional Estándar del Libro 8487767214
035 ## - NÚMERO DE CONTROL DEL SISTEMA
Número de control de sistema UPN01000122506
049 ## - COLECCIÓN
Colección CG
050 #4 - SIGNATURA TOPOGRÁFICA DE LA BIBLIOTECA DEL CONGRESO
Número de clasificación PE1128
Número de documento/Ítem A2 G4.4
100 1# - ASIENTO PRINCIPAL--NOMBRE PERSONAL
Nombre de persona García Arreza, Miguel
245 13 - MENCIÓN DE TÍTULO
Título La lengua inglesa en la educación primaria /
Mención de responsabilidad, etc. Miguel García Arreza, Joaquín Jesús Segura Báez, María Dolores Zamora Navas.
260 ## - PUBLICACIÓN, DISTRIBUCIÓN, ETC.
Lugar de publicación, distribución, etc. Málaga, Esp. :
Nombre del editor, distribuidor, etc. Aljibe,
Fecha de publicación, distribución, etc. 1994.
300 ## - DESCRIPCIÓN FÍSICA
Extensión 370 p.
440 #0 - MENCIÓN DE SERIE/ASIENTO SECUNDARIO--TÍTULO
Título Biblioteca de educación
650 #4 - ASIENTO SECUNDARIO DE MATERIA - TERMINO TEMATICO
Término de materia o nombre geográfico como elemento de entrada Inglés
Subdivisión general Estudio y enseñanza (Elemental)
9 (RLIN) 5087
700 1# - ASIENTO SECUNDARIO--NOMBRE DE PERSONAL
Nombre de persona Segura Báez, Joaquín Jesús,
Término indicativo de función/relación coaut.
700 1# - ASIENTO SECUNDARIO--NOMBRE DE PERSONAL
Nombre de persona Zamora Navas, María Dolores,
Término indicativo de función/relación coaut.
902 ## - ELEMENTOS DE DATOS B LOCAL, LDB (RLIN)
Creó BDV/rrl.
905 ## - TIPO DE MATERIAL
Tipo de material Libro
Holdings
Estado de retiro Estado de pérdida Fuente del sistema de clasificación o colocación Estado dañado No para préstamo Código de colección Localización permanente Ubicación/localización actual Ubicación en estantería Total de préstamos Clasificación Código de barras Fecha visto por última vez Número de copia Tipo de ítem Koha
    Library of Congress Classification     Colección General Bib. Gregorio Torres Quintero Bib. Gregorio Torres Quintero Planta baja 12 PE1128 A2 G4.4 197955 31/12/2020 1 Libro
    Library of Congress Classification     Colección General Bib. Gregorio Torres Quintero Bib. Gregorio Torres Quintero Planta baja 16 PE1128 A2 G4.4 203929 31/12/2020 1 Libro
    Library of Congress Classification     Colección General Bib. Gregorio Torres Quintero Bib. Gregorio Torres Quintero Planta baja 12 PE1128 A2 G4.4 211682 31/12/2020 1 Libro